Central Library OPAC University of Rajshahi

The delegate system / (Record no. 58126)

MARC details
000 -LEADER
fixed length control field 00630nam a2200205 a 4500
001 - CONTROL NUMBER
control field 58126
003 - CONTROL NUMBER IDENTIFIER
rucl marc code BD-RjUL
005 - DATE AND TIME OF LATEST TRANSACTION
control field 20211209080605.0
008 - FIXED-LENGTH DATA ELEMENTS--GENERAL INFORMATION
fixed length control field 161217s1977 rb b 000 0 eng
035 ## - SYSTEM CONTROL NUMBER
System control number (BD-RjUL)58250
040 ## - CATALOGING SOURCE
Original cataloging agency BD-RjUL
Language of cataloging eng
Transcribing agency BD-RjUL
Modifying agency BD-RjUL
041 1# - LANGUAGE CODE
Language code of text/sound track or separate title enghrv
082 ## - DEWEY DECIMAL CLASSIFICATION NUMBER
Edition number 23
Classification number 324.6309497
Author mark and year ZED 1977
100 1# - MAIN ENTRY--PERSONAL NAME
Personal name Zečević, Miodrag.
9 (RLIN) 172662
245 14 - TITLE STATEMENT
Title The delegate system /
Statement of responsibility, etc. Miodrag Zečević.
260 ## - PUBLICATION, DISTRIBUTION, ETC. (IMPRINT)
Place of publication, distribution, etc. Belgrade :
Name of publisher, distributor, etc. Beogradski izdavacko-graficki zavod,
Date of publication, distribution, etc. 1977.
300 ## - PHYSICAL DESCRIPTION
Pagination 57 p. ;
Size 17 cm.
650 #0 - SUBJECT ADDED ENTRY--TOPICAL TERM
Topical term or geographic name as entry element Representative government and representation
Geographic subdivision Yugoslavia.
9 (RLIN) 172663
942 ## - ADDED ENTRY ELEMENTS (KOHA)
Source of classification or shelving scheme Dewey Decimal Classification
Koha item type Books
Holdings
Lost status Source of classification or shelving scheme Damaged status Not for loan Collection code Permanent Location Current Location Shelving location Date acquired Total Checkouts Full call number Date last seen Copy number Koha item type
  Dewey Decimal Classification   Not For Loan Non-fiction Central Library, University of Rajshahi Central Library, University of Rajshahi Reading Room 01/09/2007   324.6309497 ZED 1977 17/12/2016 C-1 Books